Medzinárodná migrácia významný činiteľ sociálno-ekonomického rozvoja

Reflexie o globalizácii a jej vplyve na rast disparít v sociálno-ekonomickom rozvoji svetových regiónov. V príspevku sú prezentované viaceré riziká i potreba migračných pohybov medzi jednotlivými svetovými regiónmi. Potreba zachovania hodnotovej a kultúrnej kompatibility medzi migrantskou populáciou...

Descrizione completa

Salvato in:
Dettagli Bibliografici
Autore principale: Ondrušek, Miloš
Natura: Capitolo di libro
Lingua:slovacco
Soggetti:
Tags: Aggiungi Tag
Nessun Tag, puoi essere il primo ad aggiungerne!!

MARC

LEADER 00000nla$a2200000$$$4500
001 0127823
005 20221103134410.5
041 0 |a slo 
044 |a SK 
245 1 0 |a Medzinárodná migrácia významný činiteľ sociálno-ekonomického rozvoja  |c Miloš Ondrušek 
520 |a Reflexie o globalizácii a jej vplyve na rast disparít v sociálno-ekonomickom rozvoji svetových regiónov. V príspevku sú prezentované viaceré riziká i potreba migračných pohybov medzi jednotlivými svetovými regiónmi. Potreba zachovania hodnotovej a kultúrnej kompatibility medzi migrantskou populáciou a väčšinovým obyvateľstvom v cieľových krajinách migrácie. 
610 2 0 |a migrácia 
610 2 0 |a pohyb síl pracovných medzinárodný 
610 2 0 |a rozvoj sociálno-ekonomický 
100 1 |a Ondrušek, Miloš